La balada del basilisco /
Guardado en:
| Autor Principal: | |
|---|---|
| Otros Autores: | |
| Formato: | Libro |
| Idioma: | Undetermined |
| Publicado: |
Buenos Aires :
Del eclipse,
2014.
|
| Edición: | 1a ed. |
| Materias: | |
| Etiquetas: |
Agregar Etiqueta
Sin Etiquetas, Sea el primero en etiquetar este registro!
|
| LEADER | 00712nam a22002055a 4500 | ||
|---|---|---|---|
| 001 | CEM.cems020790 | ||
| 008 | 240219s2014####ag############000#0#und#d | ||
| 005 | 20240219111932.0 | ||
| 245 | 1 | 0 | |a La balada del basilisco / |c Alberto Pez ; ilustrado por Roberto Cubillas. |
| 250 | |a 1a ed. | ||
| 260 | |a Buenos Aires : |b Del eclipse, |c 2014. | ||
| 300 | |a 32 p. | ||
| 500 | |a Colecciones de aula: edición especial para el Ministerio de Educación de la Nación. | ||
| 020 | |a 9789871580651 | ||
| 100 | 1 | |a Pez, Alberto. | |
| 700 | 1 | |a Cubillas, Roberto; il. | |
| 653 | |a Poesía infantil | ||
| 653 | |a Literatura infantil | ||
| 653 | |a Literatura argentina | ||
| 859 | |a CEMS |b BIB. CEMS - Inicial y Primaria |h A861.4 |i P468 |k IP |p 5422 |t Ej.1 | ||
